Geography Quiz

Random Geography or Asia Quiz

Asia Countries in Squares Quiz Stats

 Plays Quiz Updated May 10, 2019

     
Support Sporcle.
Go Orange.
Score 0/18 Timer 04:00
4 Plays Today
% Correct
Stans
89.8%
Mongolia and Kazakhstan
89.4%
Pakistan no China
89.1%
Philippines
88.9%
Russia and Turkey
87.9%
Mt. Everest
87.2%
Korea
83.3%
Thailand no Malaysia
82.8%
Russia + 3
79.7%
% Correct
Kaliningrad
75%
Socotra
73.5%
Malaysia no Thailand
70.3%
Russia + US
61.9%
Japan
60.1%
Brunei
56.3%
Absolutely no Malaysia
55.7%
Qatar
55.2%
Maldives
37.6%

From the Vault

Gimme Five: Actors And Actresses II

by Pedro188

Movies 5m
Don't leave 'em hangin'!
Remove Ads.
Support Sporcle.
Get the best of Sporcle when you Go Orange. This ad-free experience offers more features, more stats, and more fun while also helping to support Sporcle. Thank you for becoming a member.

Show Comments

Extras

Top Quizzes Today


Score Distribution

Your Account Isn't Verified!

In order to create a playlist on Sporcle, you need to verify the email address you used during registration. Go to your Sporcle Settings to finish the process.

Report this User

Report this user for behavior that violates our Community Guidelines.

Details: